La bourse (Record no. 162419)

MARC details
000 -LEADER
campo de control de longitud fija 00733nam a2200193 i 4500
001 - NÚMERO DE CONTROL
campo de control 162419
003 - IDENTIFICADOR DE NÚMERO DE CONTROL
campo de control ES-MaACL
005 - FECHA Y HORA DE LA ÚLTIMA TRANSACCIÓN
campo de control 20230906212524.0
008 - DATOS DE LONGITUD FIJA--INFORMACIÓN GENERAL
campo de control de longitud fija 041115s1856 fr |||| | fre d
040 ## - FUENTE DE CATALOGACIÓN
Centro catalogador/agencia de origen CAM
Lengua de catalogación spa
Centro/agencia transcriptor CAM
100 1# - ENTRADA PRINCIPAL--NOMBRE DE PERSONA
Nombre de persona Ponsard, François.
9 (RLIN) 93035
245 13 - MENCIÓN DEL TÍTULO
Título La bourse
Resto del título : comédie en cinq actes en vers /
Mención de responsabilidad, etc. par François Ponsard.
250 ## - MENCION DE EDICION
Mención de edición 2e éd.
260 ## - PUBLICACIÓN, DISTRIBUCIÓN, ETC.
Lugar de publicación, distribución, etc. Paris :
Nombre del editor, distribuidor, etc. Michel Lévy Frères, éditeurs,
Fecha de publicación, distribución, etc. 1856 (
Fabricante Imprimerie de J. Claye)
300 ## - DESCRIPCIÓN FÍSICA
Extensión 143 p. ;
Dimensiones 18 cm.
500 ## - NOTA GENERAL
Nota general Comédie représentée pour la première fois, à Paris, sur le second Théatre Français, le 6 mai 1856.
852 ## - LOCALIZACIÓN
Ubicación ES-MaACL
Número de control de estantería F-8809(1)
Nota libre -- Enc. hol.
condición física -- Falto de la cub. original
852 ## - LOCALIZACIÓN
Ubicación ES-MaACL
Número de control de estantería T-734-F-6
Holdings
Estatus retirado Estado de pérdida Estado de daño No para préstamo Colección Biblioteca de origen Biblioteca actual Ubicación en estantería Fecha de adquisición Fuente de adquisición Total de préstamos Signatura topográfica completa Código de barras Visto por última vez Precio de reemplazo Tipo de ítem Koha
        Colección de folletos Biblioteca del Ateneo de Madrid Biblioteca del Ateneo de Madrid Depósito folletos 13/11/2017     T-734-F-6 1198057 23/02/2023 23/02/2023 Folleto
        Libros del s. XIX Biblioteca del Ateneo de Madrid Biblioteca del Ateneo de Madrid Sala Pecera Planta 2 17/01/2008     F-8809(1) 1170155 23/02/2023 23/02/2023 Libro impreso antiguo